| 000 | 00816nam a2200229 a 4500 | ||
|---|---|---|---|
| 001 | 000010363 | ||
| 005 | 20250129121827.0 | ||
| 008 | 091006s1980 dr r 000 p spa d | ||
| 040 |
_aDO-SdBNP _bspa _cBNPHU |
||
| 082 |
_aRD861.44 _bG261re |
||
| 100 | 1 |
_aGatón Arce, Freddy, _d1920-1994 _97946 |
|
| 245 | 1 | 0 |
_aRetiro hacia la luz : _bpoesía 1944-1979 / _cFreddy Gatón Arce ; prólogo Manuel Rueda. |
| 260 |
_aSanto Domingo : _bSiboney, _c1980. |
||
| 300 |
_a173 p. ; _c21 cm. |
||
| 490 | 1 |
_aContemporáneos _v1 |
|
| 590 | _aInventariado, 2018/BT | ||
| 650 | 4 |
_aPoesía dominicana _ySIGLO XX _vCOLECCIONES _923583 |
|
| 650 | 4 |
_aLiteratura dominicana _ySIGLO XX _vCOLECCIONES _923584 |
|
| 700 | 1 |
_aRueda, Manuel, _epról. _919958 |
|
| 830 | 0 |
_aContemporáneos _v1 _96941 |
|
| 910 | _aValidado. Control de calidad. MMOLINA | ||
| 999 |
_c10122 _d10122 |
||